Working in the mill no more / (Record no. 53103)
[ view plain ]
| 000 -LEADER | |
|---|---|
| fixed length control field | 00987naa a2200241 4500 |
| 005 - DATE AND TIME OF LATEST TRANSACTION | |
| control field | 2011062305045.0 |
| 010 ## - LCCN (DPL NO) | |
| LC control number | B-430923 |
| 020 ## - INTERNATIONAL STANDARD BOOK NUMBER | |
| International Standard Book Number | 9780195666199 |
| Terms of availability | 795.00 |
| 020 ## - INTERNATIONAL STANDARD BOOK NUMBER | |
| International Standard Book Number | 0195666194 |
| Terms of availability | 795.00 |
| 035 ## - SYSTEM CONTROL NUMBER | |
| System control number | B-430923 |
| 037 ## - SOURCE OF ACQUISITION | |
| Source of stock number/acquisition | Oxford University Press |
| 037 ## - SOURCE OF ACQUISITION | |
| Source of stock number/acquisition | Allied Pub/Ven |
| 082 ## - DEWEY DECIMAL CLASSIFICATION NUMBER | |
| Classification number | 331.20477 |
| 100 ## - MAIN ENTRY--PERSONAL NAME | |
| Personal name | Breman, Jan |
| 245 ## - TITLE STATEMENT | |
| Title | Working in the mill no more / |
| Statement of responsibility, etc | by Jan Breman |
| 260 ## - PUBLICATION, DISTRIBUTION, ETC. (IMPRINT) | |
| Place of publication, distribution, etc | New Delhi |
| Name of publisher, distributor, etc | Oxford University Press |
| Date of publication, distribution, etc | 2004 |
| 270 ## - ADDRESS | |
| Address | YMCA Library Building, Jai Singh Road |
| City | New Delhi |
| Postal code | 110001 |
| 300 ## - PHYSICAL DESCRIPTION | |
| Extent | 208p |
| Dimensions | 22cm (Hb) |
| Other physical details | photos |
| 500 ## - GENERAL NOTE | |
| General note | Includes appendix |
| 942 ## - ADDED ENTRY ELEMENTS (KOHA) | |
| Source of classification or shelving scheme | Dewey Decimal Classification |
| Item type | English Books |
| Call number suffix | BRE |
| Classification part | 331.20477 |
| Withdrawn status | Lost status | Not for loan | Collection code | Home library | Current library | Date acquired | Source of acquisition | Cost, normal purchase price | Full call number | Barcode | Copy number | Cost, replacement price | Koha item type |
|---|---|---|---|---|---|---|---|---|---|---|---|---|---|
| Non-fiction | Central Library | Central Library | 30/06/2011 | Allied Pub/2951/29.3.11/78/14.3.11/31.3.11 | 795.00 | 331.20477 BRE | B-430923 | 1 | 795.00 | English Books |
